| 000 | 01701cam a22004574i 4500 | ||
|---|---|---|---|
| 003 | PE-LiUPU | ||
| 005 | 20250731173143.0 | ||
| 008 | 150623s2001 pe r 000 0 spa d | ||
| 020 | _a9972701255 | ||
| 035 | _a(Sirsi) i9789972701252 | ||
| 040 |
_aPE-LiUPU _bspa _cPE-LiUPU _erda |
||
| 049 | _aPRUA | ||
| 082 | 0 | 4 |
_a280.4016 _bP66 _221 |
| 245 | 0 | 0 |
_aProtestantismo en el Perú : _bguía bibliográfica y de fuentes / _cSamuel Escobar. |
| 264 | 1 |
_aLima : _bCENIP, _c2001. |
|
| 300 |
_a596 páginas ; _c21 centímetros |
||
| 336 |
_atext _2rdacontent |
||
| 337 |
_aunmediated _2rdamedia |
||
| 338 |
_avolume _2rdacarrier |
||
| 505 | 0 | _aBiografía sobre protestantismo en America Latina y el el Perú. Fichas detalladas de obras fundamentales. Fuentes y centros de documentación sobre protestantismo en el Perú. | |
| 526 | _aSEG42 | ||
| 526 | _aSEG41 | ||
| 526 | _aSEG40 | ||
| 526 | _aSEG39 | ||
| 526 | _aP94 | ||
| 526 | _aP87 | ||
| 526 | _aP86 | ||
| 526 | _aP85 | ||
| 526 | _aP77 | ||
| 526 | _aP76 | ||
| 526 | _aP35 | ||
| 650 | 0 | 4 |
_aPROTESTANTISMO _zAMÉRICA LATINA _xBIBLIOGRAFÍA. |
| 650 | 0 | 4 |
_aPROTESTANTISMO _zPERÚ _xBIBLIOGRAFÍA. |
| 700 | 1 |
_aEscobar, Samuel, _ecompilador. |
|
| 942 |
_2ddc _cBOOK |
||
| 949 |
_a280.4016 P66 _wDEWEY _c1 _i52985 _d2016-1-13 _e2016-1-13 _lCCODEBUL1 _mBUL _n1 _p16.00 _r0 _sY _tBOOK _u2015-6-24 _xTEOLOGIA _PP35 _0COMPRA _o.STAFF. Colección General |
||
| 994 |
_aC0 _bPEPRU |
||
| 596 | _a1 | ||
| 999 |
_a280.4016 P66 _wDEWEY _c34836 _i52985 _d34836 _e2016-1-13 _f2021-11-11 _g5 _lCCODEBUL1 _mBUL _n1 _p16.00 _r0 _sY _tBOOK _u2015-6-24 _xTEOLOGIA _PP35 _0COMPRA _o.STAFF. Colección Teología |
||
| 980 |
_81 _gALBERTO SANCHEZ Responsable de Automatización |
||